000 01013nam a2200277 i 4500
001 bg
100 1 _aWÓJTOWICZ, Michał.
245 0 0 _aZabezpieczanie przed korozją stalowych konstrukcji budowlanych za pomocą powłok malarskich :
_b[instrukcja] /
_c[aut. Michał Wójtowicz].
260 _aWarszawa :
_bInstytut Techniki Budowlanej,
_c2004.
300 _a39 s. :
_bil. ;
_c24 cm.
490 1 _aInstrukcje, Wytyczne, Poradniki / Instytut Techniki Budowlanej ;
_v400/2004
504 _aWykaz norm.
650 9 _aKonstrukcje stalowe
_xochrona i konserwacja
_xmetody
650 9 _aKorozja i erozja
_xzapobieganie
650 9 _aPowłoki ochronne
655 _aInstrukcje
710 2 _aInstytut Techniki Budowkanej
830 0 _aInstrukcje, Wytyczne, Poradniki - Instytut Techniki Budowlanej ;
_v400/2004
020 _a8374131799
040 _cBPK
041 0 _apol
080 _a624.04:620.193+620.197](083.1)
920 _a83-7413-179-9
942 _cKS
008 s pl f |000 0 pol
999 _c44463
_d44463
856 _uhttp://koha.tu.koszalin.pl/cgi-bin/koha/opac-detail.pl?biblionumber=44463
_yKatalog online BPK